|
|
|
|
| LEADER |
01623nam a22004094a 4500 |
| 001 |
EBC3300238 |
| 003 |
MiAaPQ |
| 005 |
20200520144314.0 |
| 006 |
m o d | |
| 007 |
cr cn||||||||| |
| 008 |
040929s2005 mau sb 001 0 eng |
| 010 |
|
|
|z 2004059769
|
| 020 |
|
|
|z 0674016955 (cloth : alk. paper)
|
| 020 |
|
|
|z 0674017471 (paper : alk. paper)
|
| 035 |
|
|
|a (MiAaPQ)EBC3300238
|
| 035 |
|
|
|a (Au-PeEL)EBL3300238
|
| 035 |
|
|
|a (CaPaEBR)ebr10314247
|
| 035 |
|
|
|a (OCoLC)923109786
|
| 040 |
|
|
|a MiAaPQ
|c MiAaPQ
|d MiAaPQ
|
| 043 |
|
|
|a n-us---
|
| 050 |
|
4 |
|a HN90.E4
|b R85 2005
|
| 082 |
0 |
4 |
|a 305.5/2/0973
|2 22
|
| 245 |
0 |
0 |
|a Ruling America
|h [electronic resource] :
|b a history of wealth and power in a democracy /
|c edited by Steve Fraser & Gary Gerstle.
|
| 246 |
3 |
0 |
|a History of wealth and power in a democracy
|
| 260 |
|
|
|a Cambridge, Mass. :
|b Harvard University Press,
|c 2005.
|
| 300 |
|
|
|a viii, 368 p.
|
| 504 |
|
|
|a Includes bibliographical references and index.
|
| 533 |
|
|
|a Electronic reproduction. Ann Arbor, MI : ProQuest, 2015. Available via World Wide Web. Access may be limited to ProQuest affiliated libraries.
|
| 650 |
|
0 |
|a Elite (Social sciences)
|z United States
|x History.
|
| 650 |
|
0 |
|a Social classes
|x Political aspects
|z United States
|x History.
|
| 650 |
|
0 |
|a Power (Social sciences)
|z United States
|x History.
|
| 650 |
|
0 |
|a Democracy
|z United States.
|
| 655 |
|
4 |
|a Electronic books.
|
| 700 |
1 |
|
|a Fraser, Steve,
|d 1945-
|
| 700 |
1 |
|
|a Gerstle, Gary,
|d 1954-
|
| 710 |
2 |
|
|a ProQuest (Firm)
|
| 856 |
4 |
0 |
|u https://ebookcentral.proquest.com/lib/matrademy/detail.action?docID=3300238
|z Click to View
|